banner-ar

جغرافية مصر / (Record no. 35244)

MARC details
000 -الفاتح
حقل البيانات ثابتة الطول 01010nam a2200253Ia 4500
005 - وقت وتاريخ اخر تعامل مع التسجيلة
رقم الضبط 20240530102911.0
008 - عناصر البيانات ثابتة الطول - معلومات عامة
حقل البيانات ثابتة الطول 140319s9999 xx 000 0 ara d
040 ## - مصدر الفهرسة
وكالة الفهرسة الأصلية GCL /
وكالة النسخ GCL
082 04 - رقم تصنيف ديوى العشرى
رقم التصنيف 916.2
رقم المادة ق/ى ج
100 1# - المدخل الرئيسى - إسم شخصى
الإسم الشخصى يوسف ابوالحجاج ابراهيم
245 10 - بيان العنوان
العنوان جغرافية مصر /
بيان المسئوليه,etc تحرير يوسف ابوالحجاج ابراهيم ، نصر السيد نصر ، محمد السيد غلاب ، محمد صبحى عبدالحكيم
260 ## - PUBLICATION, DISTRIBUTION, ETC. (IMPRINT)
تاريخ النشر أو التوزيع 1994
300 ## - الوصف المادى
التعداد 551ص:
تفاصيل ماديه اخرى للوعاء ايض ؛
أبعاد الوعاء 24 سم
650 04 - المدخل الاضافى بالموضوع-مصطلح موضوعى
مصطلح موضوعي مصر
التقسيم الفرعي العام جغرافيا
650 04 - المدخل الاضافى بالموضوع-مصطلح موضوعى
مصطلح موضوعي الجغرافيا الاقتصادية
650 04 - المدخل الاضافى بالموضوع-مصطلح موضوعى
مصطلح موضوعي السكان
التقسيم الفرعي العام مصر
650 04 - المدخل الاضافى بالموضوع-مصطلح موضوعى
مصطلح موضوعي البيئة والانسان
650 04 - المدخل الاضافى بالموضوع-مصطلح موضوعى
مصطلح موضوعي الجغرافيا البشرية
التقسيم الفرعي العام مصر
700 1# - المدخل الاضافى - اسم شخصى
الإسم الشخصى محمد السيد غلاب
700 1# - المدخل الاضافى - اسم شخصى
الإسم الشخصى محمد صبحى عبدالحكيم
700 1# - المدخل الاضافى - اسم شخصى
الإسم الشخصى نصر السيد نصر
942 ## - عناصر المدخل الإضافي( كوها)
مصدر التصنيف او مخطط الترفيف Dewey Decimal Classification
Koha [default] item type كتاب
260 ## - PUBLICATION, DISTRIBUTION, ETC. (IMPRINT)
-- القاهرة :
-- الهيئة المصرية العامة للكتاب ،
Holdings
حالة التراجع حالة الفقد حالة تلف ليس للاعارة المكان المؤقت الموقع الحالى تاريخ الاكتساب اجمالي اﻻعارات رقم الطلب الباركود تاريخ اخر مشاهدة تاريخ تفعيل السعر نوع وعاء كوها
        مكتبة القاهرة الكبرى مكتبة القاهرة الكبرى 03/26/2014   916.2 ق/ى ج 85738 03/26/2014 03/26/2014 كتاب
        مكتبة القاهرة الكبرى مكتبة القاهرة الكبرى 03/26/2014   916.2 ق/ى ج 85739 03/26/2014 03/26/2014 كتاب
        مكتبة القاهرة الكبرى مكتبة القاهرة الكبرى 03/26/2014   916.2 ق/ى ج 85740 03/26/2014 03/26/2014 كتاب
        مكتبة القاهرة الكبرى مكتبة القاهرة الكبرى 03/26/2014   916.2 ق/ى ج 85741 03/26/2014 03/26/2014 كتاب

Powered By

EGPV